000 00522nam a22001937a 4500
003 KOHA_MİRAKIL
005 20251124073934.0
008 251124b tu ||||| |||| 00| 0 tur d
020 _a9786059318181
040 _aTR-AnABB
_btur
_cTR-AnABB
041 _atur
082 _a813.42
_bGOZ 2016
100 1 _aGöztürk, Özge,
245 1 0 _aLupu /
_cÖzge Göztürk
260 _aİstanbul :
_bOkuyan Us Yayınevi,
_c2016
300 _a248 sayfa ;
_c20 cm
650 0 4 _aTürk edebiyatı, roman
942 _2ddc
_cBK
999 _c9577
_d9577
900 _bGizem YORULMAZ